00775nam a2200133 a 4500001001000000003000900010005001700019008004100036040002500077082001500102245043000117260007400547300002000621000030019DO-SdBNP20210630094006.0110428s1957 dr c 000 0 spa d aDO-SdBNPbspacBNPHU axxxxbH76500aHomenaje que las Fuerzas Armadas de la nación rinden a su comandante en jefe su excelencia el generalísimo Rafael Trujillo Molina, benefactor de la patria y padre de la patria nueva, en ocasión de la juramentación del excelentísimo señor presidente de la república , general Héctor Bienvenido Trujillo Molina y del honorable señor vice-presidente Joaquín Balaguer para el período presidencial 1957-1962. aSanto Domingo :bSecretaría de Estado de la Fuerzas Armadas,c1957. a19 p. ;c20 cm.